000
00239nam a22001097a 4500
082
_a
604.2 BAA
100
_a
BHATT N.D
_9
10018
245
_a
ELEMENTARY ENGINEERING DRAWING
260
_a
NEW YORK
_b
PDF
_c
1984
300
_a
565P
942
_c
BK
999
_c
579502
_d
579502